000 00716nam a2200289Ia 4500
005 20260324120928.0
008 008 260324s9999 xx 000 0 eng d
020 _a9780203077108
037 _aEBOOK
040 _aCRL
040 _beng
040 _cCRL
041 _2eng
041 _aeng
084 _qCRL
100 _aLawrence Palinkas; Haluk Soydan
_91160522
245 0 _aEvidence-based Practice in Social Work
245 0 _bDevelopment of a New Professional Culture
260 _bTaylor and Francis
260 _c2014
365 _a
365 _b230
856 _uhttp://www.taylorfrancis.com/books/9780203077108
942 _cEBOOK
999 _c1752313
_d1752313